000 00583nam a2200229Ia 4500
003 OSt
005 20221005123606.0
006 a|||||r|||| 00| 0
007 ta
008 221004b |||||||| |||| 00| 0 eng d
024 _a71608
037 _cTextual
040 _aCRL
_cCRL
_beng
041 _2eng
_aeng
082 _aV3:221wL84, G6.1-G6.2
100 _aPalmerston Lord
_9633877
245 0 _aLord Palmerston. 1936
260 _c1936
650 _aHISTORY
942 _hV3:221wL84, G6.1-G6.2
_cTEXL
_2cc
999 _c1047868
_d1047868